Căn bản về AutoCAD R14

Gorde:
Xehetasun bibliografikoak
Egile nagusia: Hoàng, Phương
Formatua: Liburua
Hizkuntza:Undetermined
Argitaratua: Tp. HCM Thống Kê 1998
Gaiak:
Etiketak: Etiketa erantsi
Etiketarik gabe, Izan zaitez lehena erregistro honi etiketa jartzen!
Thư viện lưu trữ: Trung tâm Học liệu Trường Đại học Cần Thơ
LEADER 00564nam a2200193Ia 4500
001 CTU_35338
008 210402s9999 xx 000 0 und d
020 |c 24000 
082 |a 620.0042 
082 |b Ph561 
100 |a Hoàng, Phương 
245 0 |a Căn bản về AutoCAD R14 
245 0 |c Hoàng Phương 
260 |a Tp. HCM 
260 |b Thống Kê 
260 |c 1998 
650 |a Autocad ( computer program language ),Autocad ( computer-aided design ) 
904 |i Minh, 000224 
980 |a Trung tâm Học liệu Trường Đại học Cần Thơ